000
00314nam a2200121Ia 4500
005
20251222144841.0
008
251222s9999||||xx |||||||||||||| ||spa||
082
_a
230.046/I61
100
_a
Interdonato, Francisco
245
0
_a
Ser y no ser de la TeologĂa en LatinoamĂ©rica:
264
_b
SESATOR
942
_c
LIB
999
_c
21223
_d
21223